ბათუმის შოთა რუსთაველის სახელმწიფო უნივერსიტეტის ბიბლიოთეკა

Essential Topology. (ბიბ.ჩანაწერი № 35493)

000 -LEADER
fixed length control field 00410nam a2200193Ia 4500
001 - CONTROL NUMBER
control field 1353
003 - CONTROL NUMBER IDENTIFIER
control field GE_BSU
008 - FIXED-LENGTH DATA ELEMENTS--GENERAL INFORMATION
fixed length control field 181216s||||||||xx |||||||||||||| ||und||
020 ## - INTERNATIONAL STANDARD BOOK NUMBER
International Standard Book Number 1852337826
040 ## - CATALOGING SOURCE
Transcribing agency GE_BSU
080 ## - UNIVERSAL DECIMAL CLASSIFICATION NUMBER
Universal Decimal Classification number 515.1
100 ## - MAIN ENTRY--PERSONAL NAME
Personal name Crossley D.martin
245 ## - TITLE STATEMENT
Title Essential Topology.
260 ## - PUBLICATION, DISTRIBUTION, ETC.
Place of publication, distribution, etc. London.
300 ## - PHYSICAL DESCRIPTION
Extent 224 c.
653 ## - INDEX TERM--UNCONTROLLED
Uncontrolled term Essential Topology
942 ## - ADDED ENTRY ELEMENTS (KOHA)
Koha item type წიგნი
ეგზემპლარები
Withdrawn status Lost status Damaged status Not for loan Date acquired Barcode Date last seen Price effective from Koha item type Public note
        2018-12-17 2583 2018-12-17 2018-12-17 წიგნი დარბაზი
        2018-12-17 2584 2018-12-17 2018-12-17 წიგნი დარბაზი